00459 2200157 4500245005100000250001100051100002400062650002100086005001900107260006000126041001400186084000800200500006000208490002400268336000900292 aSeni dan ArsitekturcJean-Claude CorbellhText aCet. 1 aJean-Claude Corbell aEnsiklopedia IPA a20231116090747 aJakartabPT.ENSIKLOPEDIA NASIONAL INDONESIA (ENI)c2012 aIndonesia a503 aDaftar Isi : Seni dan Asitektur : Seni murni, Arsiektur aKamus IPA Bergambar atext